000 00434nam a2200169 a 4500
005 20140310183436.0
008 080313s19uu xx 00 eng d
020 _a0446614246
050 _aPZ 7
_b.C339 2005
100 _aCaskie, Kathryn
245 _aLady in waiting.
_cKathryn Caskie
260 _aNew York :
_bWarner Forever,
_c2005.
300 _a350 p. :
_c17 cm.
650 _aFiction.
942 _cBK
_2lcc
999 _c22905
_d22905